Recommender Systems and the Social Web : Leveraging Tagging Data for Recommender Systems /
Gespeichert in:
| 1. Verfasser: | |
|---|---|
| Format: | Buch |
| Sprache: | Englisch |
| Veröffentlicht: |
Wiesbaden,
Springer Vieweg,
2013
|
| Schlagworte: | |
| Tags: |
Keine Tags, Fügen Sie das erste Tag hinzu!
|
MARC
| LEADER | 00000nam a22000003a 4500 | ||
|---|---|---|---|
| 001 | 0075445 | ||
| 003 | SK-STU | ||
| 005 | 20190905161034.6 | ||
| 007 | ta | ||
| 008 | 190905s ----xo-----e------000-0-----d | ||
| 020 | |a 978-3-658-01947-1 | ||
| 040 | |a STU |b slo | ||
| 041 | 0 | |a eng | |
| 044 | |a gw | ||
| 100 | 1 | |a Gedikli, Fatih |4 aut |r Z6 | |
| 245 | 1 | 0 | |a Recommender Systems and the Social Web : |b Leveraging Tagging Data for Recommender Systems / |c aut. Fatih Gedikli |
| 260 | |a Wiesbaden, |b Springer Vieweg, |c 2013 | ||
| 300 | |a 112 s. | ||
| 650 | 0 | 7 | |a odporúčacie systémy |
| 996 | |b I24KN000169 |c I*14R13431 |l II680 |s A |a 24 |w 0075445_0001 | ||